Angličtina : Učebné texty pre elektrotechnikov /
Salvato in:
| Autore principale: | |
|---|---|
| Natura: | Libro |
| Lingua: | slovacco |
| Pubblicazione: |
Bratislava :
STU v Bratislave,
1983
|
| Edizione: | 3.vyd. |
| Tags: |
Nessun Tag, puoi essere il primo ad aggiungerne!!
|
MARC
| LEADER | 00000nam a22000003a 4500 | ||
|---|---|---|---|
| 001 | stu6936 | ||
| 005 | 20160714110915.2 | ||
| 008 | 940722s1983----cs------------------slo-d | ||
| 040 | |a STU |b slo | ||
| 041 | 0 | |a slo | |
| 044 | |a cs | ||
| 100 | 1 | |a Galata, Jozef, |d 1942- |4 aut |u J330 |U SjF Strojnícka fakulta |T SjF Katedra jazykov a spoločenských vied |X 2389 |U J330 |Y 54 |7 A000002389 | |
| 245 | 1 | |a Angličtina : |b Učebné texty pre elektrotechnikov / |c [aut.] Galata,Jozef | |
| 250 | |a 3.vyd. | ||
| 260 | |a Bratislava : |b STU v Bratislave, |c 1983 | ||
| 300 | |a 71 s | ||
| 996 | |b E50908 |c E*50908 |l EE01 |s A |a 24 |w stu6936_0003 | ||